LEADER 01372nam a2200301 u 4500 001 000000032494 003 CaOOAMICUS 005 20070226112246.0 008 971020s1973 it u000 u ita u 035 $a10773424 040 $aPUL$bita 041 1 $aita$hger 100 1 $aPannenberg, Wolfhart,$d1928-2014.$0(OLS)http://pul/name/12788 240 10$aChristentum und Mythos : Späthorizonte des Mythos in biblischer und christlicher Überlieferung.$lItaliano.$0(OLS)http://pul/title/44793 245 10$aCristianesimo e mito :$bnuove prospettive del mito nella tradizione biblica e cristiana /$cRobert M. Grant ; edizione italiana a cura di B. Liverani. 260 $aBrescia :$bPaideia,$cc1973. 300 $a118 p. ;$c21 cm 490 1 $aStudi biblici ;$v24 500 $aComprende indici. 504 $aBibliografia in nota. 700 1 $aLiverani, Bruno.$0(OLS)http://pul/name/19450 830 0$aStudi biblici (Paideia) ;$v24.$0(OLS)http://pul/title/88 850 $aPUL 852 $aPUL$W1$xSL Religione 1$y3$m10 M 24$j44793$nBK-PRI$b $qStampati$B44793$CPULBib$Z2$F44793 $H $81 941 1 $a8 961 $aINV: 39465. 996 $6245$aCristianesimo e mito :$bnuove prospettive del mito nella tradizione biblica e cristiana$9(OLS)http://pul/title/44794 996 $6260$aBrescia :$bPaideia$9(OLS)http://pul/publisher/47884 LEADER 01447nam a2200301 a 4500 001 000000105280 003 CaOOAMICUS 005 20070525095741.0 008 070525s1988 it 001 0 ita d 020 $a88-311-3074-9 040 $aPUG$bita$dPUL$dLDB 041 1 $aita$hlat 100 0 $aHilarius,$cs., vesc. di Poitiers,$dc. 315-367.$0(OLS)http://pul/name/6908 245 10$aCommentario a Matteo /$cIlario di Poitiers ; traduzione introduzione e note a cura di Luigi Longobardo. 260 $aRoma :$bCittà Nuova,$cc1988. 300 $a326 p. ;$c21 cm 490 1 $aCollana di testi patristici ;$v074 700 1 $aLongobardo, Luigi,$d1951-$0(OLS)http://pul/name/374 700 0 $aHilarius,$cs., vesc. di Poitiers,$dc. 315-367.$tCommentarius in Evangelium Matthei.$0(OLS)http://pul/nameTitle/380$0(OLS)http://pul/name/6908$0(OLS)http://pul/title/132464 830 0$aCollana di testi patristici ;$v074.$0(OLS)http://pul/title/17027 850 $aPUL 852 $aPUL$W1$xSL Cons. Gen., Altre Classi 1$y1$m2000 E 74$j117990$qStampati$B117907$CPULBib$Z2$F117907 $H60982 $82 900 $aIlario di Poitiers,$cs.,$dc. 315-367$96908 900 $aIlario di Poitiers,$cs.,$dc. 315-367$96908 941 1 $a8 996 $6020$a88-311-3074-9$9(OLS)http://pul/number/134524 996 $6245$aCommentario a Matteo$9(OLS)http://pul/title/132463 996 $6260$aRoma :$bCittà Nuova$9(OLS)http://pul/publisher/47927